000 00356nam a2200145Ia 4500
008 230312s9999||||xx |||||||||||||| ||und||
020 _a81-7758-999-7
082 _a658.3
_bSCH-C
100 _aSchiffman;Leon.G
245 0 _aConsumer Behavior
260 _bPearson
_aIndia
_c2007
300 _a581
650 _aManagement
_vConsumer Behavior
942 _cBK
999 _c11219
_d11219